000 01202nam a22003011i 4500
001 2175007
003 EG-ScBUE
005 20260104100954.0
008 850417t1959 caua f b 001 0 eng d
020 _a716702355
040 _aEG-ScBUE
_beng
_erda
_cEG-ScBUE
_dEG-ScBUE
082 0 4 _a549
_222
_bMAS
100 1 _aMason, Brian
_q(Brian Harold),
_d1917-2009,
_96338
_eauthor.
245 1 0 _aElements of mineralogy /
_cBrian Mason, U.S. National Museum, Washington, D.C., L. G. Berry, Queen's University, Kingston, Ontario.
264 1 _aSan Francisco :
_bW. H. Freeman and Company,
_c[1959]
264 4 _cc1959
300 _avi, 550 pages :
_billustrations ;
_c25 cm.
336 _2rdacontent
_atext
_btxt
337 _aunmediated
_2rdamedia
_bn
338 _avolume
_bnc
_2rdacarrier
490 0 _aA series of books in geology
500 _aA modified and rev. version of Mineralogy: concepts, descriptions, determinations, by L.G. Berry and B. Mason, published in 1959.
504 _aIncludes bibliographical references and index.
650 7 _aMineralogy.
_96340
_2BUEsh
655 _vReading book
700 1 _aBerry, L. G.
_q(Leonard Gascoigne),
_d1914-1982,
_eauthor.
_96341
942 _2ddc
_cBB
999 _c11875
_d11875